Formel 1 Funksprüche - Statistiken

Allgemein
  • Dieses Quiz wurde 379 mal gespielt
  • Das Durchschnittsergebnis liegt bei 14 aus 25
Antwortstatistiken
Funkspruch Fahrer % Korrekt
"Mein Gott muss das das sein?" Sebastian Vettel
94%
"Smooth Operaaaaaator Smooooooooooooth Operation" Carlos Sainz
86%
"I am Stupid." Charles Leclerc
84%
"Gloves and steering wheel!" Kimi Raikkönen
82%
"I can't it's broken! It's broken! FUCK!" Lando Norris
76%
"James it's ********. Fuck you." Vallteri Bottas
72%
"GP2 Engine GP2." Fernando Alonso
70%
"The Engine fells good. Much slower then before. Amazing" Fernando Alonso
63%
"Holy shit. I'm hanging here like a cow Nico Hülkenberg
63%
"Jarv is freaking crying. I think I'm crying." Lando Norris
60%
"Ok he pushed me off the track. I think you have to leave a space. All the time you have to leave a space. Ok? Understood?" Fernando Alonso
59%
"Did I send it or did I don't send it. Woaaaah Send it" Carlos Sainz
58%
"I know what I'm doing so just be quiet." Kimi Raikkönen
58%
"What are we doing racing or ping pong" Sebastian Vettel
57%
"You will not have to drink." Kimi Raikkönen
56%
"5 seconds is a joke! A joke!" Fernando Alonso
55%
"Do you have any punkture?""Skill." Lando Norris
54%
"Even if we have a rocket ship we would be eleventh." Fernando Alonso
46%
"Oh, got damage got damage. Ooaaaarrr! I'm Yeah." Max Verstappen
46%
"Fucking blind asshole honestly." Max Verstappen
39%
"Ok, I'm gonna pee in your seat" Jenson Button
38%
"Magnussen is will always be stupid" Charles Leclerc
35%
"Hahaha He's not too clever this guy" Sergio Perez
30%
"Guys WTF. Honestly! WTF is this guy doing. Front Wing broken now. Fucking idiot." Esteban Ocon
22%
"What's Mazepin going? What is Mazepin doing honestly?" Antonio Giovinazzi
12%
Keine übereinstimmenden Quizze gefunden
Verteilung der Resultate
Anzahl Personen mit jedem Resultat
Perzentil nach korrekt beantworteten Fragen
Ihre Resultats-Entwicklung
Sie haben dieses Quiz noch nicht gespielt